25 Most Popular Characters from Minions - Statistics

General Stats
  • This quiz has been taken 133 times
  • The average score is 11 of 25
Answer Stats
Minions % Correct
Dru Gru
95%
Felonious Gru
95%
Marlena Gru
95%
Bob
93%
Kevin
92%
Stuart
78%
Vector
70%
Margo
56%
Agnes
55%
Edith
53%
El Macho
51%
Dr Nefario
47%
Scarlet Overkill
37%
Balthazar Bratt
31%
Lucy Wilde
23%
Herb Overkill
20%
Belle Bottom
18%
Wild Knuckles
16%
Nunchuck
14%
Jean Clawed
13%
Stronghold
10%
Svengeance
10%
Antonio
9%
Clive the Robot
6%
Shannon
3%
No matching quizzes found
Score Distribution
Percent of People with Each Score
Percentile by Number Answered
Your Score History
You have not taken this quiz